Методика разработки индуктора для устройства зачистки; Перспективы развития фундаментальных наук; Т. 7 : IT-технологии и электроника

Dades bibliogràfiques
Parent link:Перспективы развития фундаментальных наук=Prospects of Fundamental Sciences Development: сборник научных трудов XIV Международной конференции студентов, аспирантов и молодых ученых, г. Томск, 25-28 апреля 2017 г./ Национальный исследовательский Томский политехнический университет (ТПУ) ; под ред. И. А. Курзиной, Г. А. Вороновой.— , 2017
Т. 7 : IT-технологии и электроника.— 2017.— [С. 42-44]
Autor principal: Вишняков В. Е.
Altres autors: Бородин Д. Б. (научный руководитель), Кабиров В. А., Семенов В. Д.
Sumari:Заглавие с экрана
Methodology for inductor devices stripping. A device for Stripping insulation from the enamel, operating on the principle of induction heating copper wire in the gap of the hub of the magnetic flux, it is known [1] and produced in small batches. However, the effectiveness of its work on wires with a diameter less than 0.1 mm is low and the task of developing a device for Stripping wires of small diameter and Litz wire are still relevant. The aim of the research is the study of processes in a conductor of small diameter, also landratov in a magnetic field and on the basis of the obtained results, improving the device [1]. By "improvement", refers to the ability of the device to remove the enamel insulation from wires of diameter 0.08 or smaller, and the possibility of Stripping the insulation from landratov.
Idioma:rus
Publicat: 2017
Matèries:
Accés en línia:http://earchive.tpu.ru/handle/11683/45324
Format: MixedMaterials Electrònic Capítol de llibre
KOHA link:https://koha.lib.tpu.ru/cgi-bin/koha/opac-detail.pl?biblionumber=625676

MARC

LEADER 00000naa2a2200000 4500
001 625676
005 20231101133356.0
035 |a (RuTPU)RU\TPU\conf\24936 
035 |a RU\TPU\conf\24935 
090 |a 625676 
100 |a 20171218d2017 k y0rusy50 ca 
101 0 |a rus  |d eng 
102 |a RU 
105 |a y z 100zy 
135 |a drcn ---uucaa 
181 0 |a i  
182 0 |a b 
200 1 |a Методика разработки индуктора для устройства зачистки  |d Methodology for inductor devices stripping  |f В. Е. Вишняков, Д. Б. Бородин, В. А. Кабиров  |g науч. рук. В. Д. Семенов 
203 |a Текст  |c электронный 
230 |a 1 компьютерный файл (pdf; 178 Kb) 
300 |a Заглавие с экрана 
320 |a [Библиогр.: с. 44 (2 назв.)] 
330 |a Methodology for inductor devices stripping. A device for Stripping insulation from the enamel, operating on the principle of induction heating copper wire in the gap of the hub of the magnetic flux, it is known [1] and produced in small batches. However, the effectiveness of its work on wires with a diameter less than 0.1 mm is low and the task of developing a device for Stripping wires of small diameter and Litz wire are still relevant. The aim of the research is the study of processes in a conductor of small diameter, also landratov in a magnetic field and on the basis of the obtained results, improving the device [1]. By "improvement", refers to the ability of the device to remove the enamel insulation from wires of diameter 0.08 or smaller, and the possibility of Stripping the insulation from landratov. 
461 1 |0 (RuTPU)RU\TPU\conf\21388  |t Перспективы развития фундаментальных наук  |l Prospects of Fundamental Sciences Development  |o сборник научных трудов XIV Международной конференции студентов, аспирантов и молодых ученых, г. Томск, 25-28 апреля 2017 г.  |o в 7 т.  |f Национальный исследовательский Томский политехнический университет (ТПУ) ; под ред. И. А. Курзиной, Г. А. Вороновой  |d 2017 
463 1 |0 (RuTPU)RU\TPU\conf\21398  |t Т. 7 : IT-технологии и электроника  |v [С. 42-44]  |d 2017 
510 1 |a Methodology for inductor devices stripping  |z eng 
610 1 |a электронные ресурсы 
610 1 |a эмалевая изоляция 
610 1 |a магнитные потоки 
610 1 |a изоляция 
610 1 |a изоляция 
610 1 |a зачистка 
700 1 |a Вишняков  |b В. Е. 
701 1 |a Бородин  |b Д. Б. 
701 1 |a Кабиров  |b В. А. 
702 1 |a Семенов  |b В. Д.  |4 727 
801 2 |a RU  |b 63413507  |c 20171220  |g RCR 
856 4 |u http://earchive.tpu.ru/handle/11683/45324 
942 |c BK